El ejército mexicano /

I tiakina i:
Ngā taipitopito rārangi puna kōrero
Kaituhi matua: Fuentes, Gloria (autor)
Ētahi atu kaituhi: Corona del Rosal, Alfonso (prólogo) (prólogo)
Hōputu: Pukapuka
Reo:Pāniora
I whakaputaina: México : Grijalbo, 1983, c1983
Rangatū:(Política Mexicana)
Ngā Tūtohu: Tāpirihia he Tūtohu
Kāore He Tūtohu, Me noho koe te mea tuatahi ki te tūtohu i tēnei pūkete!

MARC

LEADER 00000nam^a2200000^a^4500
001 000263991
005 20250624000000.0
009 20260310110631.531
020 |a 968-419-350-5 
025 |a Donación Francisco J. Núñez de la Peña, 1 ejemplar 
037 |a Acervo ITESO - Biblioteca 
041 |a ESP 
082 |a 355. 00972  |b FUE 
100 |a Fuentes, Gloria  |e (autor) 
245 1 3 |a El ejército mexicano /  |c G. Fuentes ; pról. de A. Corona del Rosal. 
264 4 |a México :  |b Grijalbo,  |c 1983, c1983 
300 |a 326 p. 
336 |a texto  |b txt  |2 rdacontenido 
337 |a sin mediación  |b n  |2 rdamedio 
338 |a volumen  |b nc  |2 rdasoporte 
440 1 |a (Política Mexicana) 
649 |a XX 
700 |a Corona del Rosal, Alfonso  |e (prólogo) 
910 |a Fondo General 
920 |a Impresos - Libros 
930 |a Colección General 
905 |a 101 
901 |a 0500145407  |b IT1  |c ACC  |d DT  |i D  |u 20250624 
902 |a https://opac.biblio.iteso.mx/vufind/Record/000263991